[Event "Crawley e2e4 Gatwick op U1950"]
[Site "Crawley"]
[Date "2016.02.20"]
[Round "2"]
[White "Marshall, Chris"]
[Black "Camp, Syringa Lyn"]
[Result "1/2-1/2"]
[WhiteElo "1835"]
[BlackElo "1670"]
[PlyCount "91"]
[EventDate "2016.02.19"]
[EventType "swiss"]
[EventRounds "5"]
[EventCountry "ENG"]
[SourceTitle "EXT 2019"]
[Source "ChessBase"]
[SourceDate "2018.10.10"]
[SourceVersion "1"]
[SourceVersionDate "2018.10.10"]
[SourceQuality "1"]

1. e4 c5 2. Nc3 d6 3. Bb5+ Nc6 4. Bxc6+ bxc6 5. f4 e6 6. Nf3 g6 7. d3 Bg7 8. 0-0 Ne7 9. e5 d5 10. Bd2 Qb6 11. Na4 Qb5 12. b3 c4 13. Nd4 Qa6 14. dxc4 dxc4 15. Qf3 Nd5 16. Rae1 0-0 17. g4 cxb3 18. axb3 c5 19. Ne2 c4 20. bxc4 Qxc4 21. Qb3 Qxb3 22. cxb3 Rd8 23. Ba5 Re8 24. Nec3 Rb8 25. Nxd5 exd5 26. Nc5 Bxg4 27. Rc1 Rec8 28. Bd2 Bf8 29. b4 a5 30. Na6 Rxc1 31. Rxc1 Rc8 32. bxa5 Rxc1+ 33. Bxc1 Be2 34. Nc7 Bc5+ 35. Kg2 d4 36. Bd2 Kf8 37. Nd5 Ba6 38. Bb4 Bxb4 39. Nxb4 d3 40. Na2 Ke7 41. Kf2 Ke6 42. Ke3 g5 43. fxg5 Kxe5 44. Nb4 Bb7 45. a6 Ba8 46. Nxd3+ 1/2-1/2

[Event "Crawley e2e4 Gatwick op U1950"]
[Site "Crawley"]
[Date "2016.02.19"]
[Round "1"]
[White "Camp, Syringa Lyn"]
[Black "Gardner, Phillip K"]
[Result "1/2-1/2"]
[WhiteElo "1670"]
[BlackElo "1843"]
[PlyCount "69"]
[EventDate "2016.02.19"]
[EventType "swiss"]
[EventRounds "5"]
[EventCountry "ENG"]
[SourceTitle "EXT 2019"]
[Source "ChessBase"]
[SourceDate "2018.10.10"]
[SourceVersion "1"]
[SourceVersionDate "2018.10.10"]
[SourceQuality "1"]

1. e4 c5 2. d4 cxd4 3. c3 dxc3 4. Nxc3 Nc6 5. Nf3 d6 6. Bc4 e6 7. 0-0 Be7 8. Qe2 Nf6 9. Rd1 e5 10. Nd5 Bg4 11. Nxf6+ Bxf6 12. Be3 0-0 13. h3 Bxf3 14. Qxf3 Qe7 15. Rac1 Rac8 16. Qg4 Rfd8 17. Bd5 Qd7 18. Qxd7 Rxd7 19. b4 Rcc7 20. a3 Nd4 21. Kf1 h6 22. g3 Kf8 23. a4 Ke7 24. b5 Rc5 25. f4 Rdc7 26. a5 Rxc1 27. Rxc1 Rxc1+ 28. Bxc1 Nxb5 29. Bxb7 exf4 30. gxf4 Bd4 31. Ke2 Kd7 32. Kd3 Bg1 33. Be3 Bxe3 34. Kxe3 Nc7 35. f5 1/2-1/2

[Event "Birmingham 4NCL op-B 7th"]
[Site "Birmingham"]
[Date "2016.01.30"]
[Round "3"]
[White "Camp, Syringa Lyn"]
[Black "Modi, Kishan Jagdish"]
[Result "1-0"]
[WhiteElo "1670"]
[BlackElo "1320"]
[PlyCount "47"]
[EventDate "2016.01.29"]
[EventType "swiss"]
[EventRounds "5"]
[EventCountry "ENG"]
[SourceTitle "CBM 170 Extra"]
[Source "ChessBase"]
[SourceDate "2016.02.25"]
[SourceVersion "1"]
[SourceVersionDate "2016.02.25"]
[SourceQuality "1"]

1. e4 c5 2. d4 cxd4 3. c3 dxc3 4. Nxc3 e6 5. Bc4 Nc6 6. Nf3 Nge7 7. Nb5 Ng6 8. Bg5 Bb4+ 9. Bd2 Be7 10. Bc3 f6 11. h4 a6 12. Nd6+ Bxd6 13. Qxd6 Qe7 14. Qg3 b5 15. Bb3 b4 16. Bd2 Nge5 17. Nxe5 Nxe5 18. 0-0 Bb7 19. Rfe1 a5 20. a3 Nc6 21. Ba4 0-0 22. Rac1 bxa3 23. bxa3 Qxa3 24. Qxa3 1-0

[Event "Birmingham 4NCL op-B 7th"]
[Site "Birmingham"]
[Date "2016.01.30"]
[Round "2"]
[White "Price, Andrew"]
[Black "Camp, Syringa Lyn"]
[Result "0-1"]
[WhiteElo "1841"]
[BlackElo "1670"]
[PlyCount "120"]
[EventDate "2016.01.29"]
[EventType "swiss"]
[EventRounds "5"]
[EventCountry "ENG"]
[SourceTitle "CBM 170 Extra"]
[Source "ChessBase"]
[SourceDate "2016.02.25"]
[SourceVersion "1"]
[SourceVersionDate "2016.02.25"]
[SourceQuality "1"]

1. e4 c5 2. Nc3 d6 3. f4 e6 4. Nf3 Nc6 5. Bc4 Nge7 6. d3 g6 7. 0-0 Bg7 8. Qe1 0-0 9. f5 d5 10. Bb3 d4 11. Qh4 Nxf5 12. exf5 Qxh4 13. Nxh4 dxc3 14. f6 cxb2 15. Bxb2 Bh6 16. Rae1 Nd4 17. Nf3 Nxb3 18. axb3 Rd8 19. Re4 b6 20. Rfe1 Bb7 21. Rh4 Bxf3 22. Rxh6 Bb7 23. Re3 Rd5 24. Reh3 Rh5 25. R6xh5 gxh5 26. Rxh5 Kh8 27. g3 Bf3 28. Re5 Bd1 29. c4 Bxb3 30. Rxe6 Ba4 31. Re7 Kg8 32. Kf2 a6 33. Rb7 b5 34. Rc7 bxc4 35. dxc4 Bb3 36. Rxc5 a5 37. Rg5+ Kh8 38. c5 a4 39. Ba3 Ra6 40. Rf5 h6 41. g4 Kh7 42. h4 Be6 43. Rf4 Kg6 44. h5+ Kh7 45. Kg3 Bb3 46. Rf2 Re6 47. Bb2 Re3+ 48. Kf4 Re6 49. Rd2 Re1 50. c6 Re6 51. c7 Rc6 52. Be5 a3 53. Rd8 Be6 54. Ra8 a2 55. g5 Rc4+ 56. Ke3 hxg5 57. Re8 Bf5 58. Ba1 Rxc7 59. Re7 Rxe7+ 60. fxe7 Bd7 0-1

[Event "BCF-ch Seniors 50 U150"]
[Site "Coventry"]
[Date "2015.07.30"]
[Round "4"]
[White "Camp, Syringa Lyn"]
[Black "Woodhouse, David JF"]
[Result "1/2-1/2"]
[WhiteElo "1680"]
[BlackElo "131"]
[PlyCount "32"]
[EventDate "2015.07.27"]
[EventType "swiss"]
[EventRounds "5"]
[EventCountry "ENG"]
[SourceTitle "CBM 167 Extra"]
[Source "ChessBase"]
[SourceDate "2015.09.14"]
[SourceVersion "1"]
[SourceVersionDate "2015.09.14"]
[SourceQuality "1"]

1. e4 d6 2. f4 Nf6 3. Nc3 e5 4. Nf3 Nc6 5. Bb5 Bd7 6. 0-0 Nd4 7. Bxd7+ Qxd7 8. fxe5 Nxf3+ 9. Qxf3 dxe5 10. d3 Qg4 11. Be3 Qxf3 12. gxf3 c6 13. Ne2 Nd7 14. f4 Bd6 15. fxe5 Nxe5 16. d4 Ng4 1/2-1/2

[Event "WLS-ch 61st"]
[Site "Cardiff"]
[Date "2015.04.04"]
[Round "3"]
[White "Kelly, Paul J"]
[Black "Camp, Syringa Lyn"]
[Result "1-0"]
[WhiteElo "1909"]
[BlackElo "1744"]
[PlyCount "75"]
[EventDate "2015.04.03"]
[EventType "swiss"]
[EventRounds "7"]
[EventCountry "WLS"]
[SourceTitle "CBM 165 Extra"]
[Source "ChessBase"]
[SourceDate "2015.04.21"]
[SourceVersion "1"]
[SourceVersionDate "2015.04.21"]
[SourceQuality "1"]

1. e4 c5 2. d4 cxd4 3. c3 dxc3 4. Nxc3 Nc6 5. Nf3 g6 6. Bc4 Bg7 7. 0-0 Nf6 8. Qe2 Qc7 9. Bg5 Ng4 10. Nb5 Qb8 11. Bh4 a6 12. Bg3 d6 13. Nc3 Nge5 14. Nxe5 Nxe5 15. Bd5 Qa7 16. Kh1 Rb8 17. f4 Nc6 18. e5 dxe5 19. fxe5 e6 20. Bxc6+ bxc6 21. Ne4 Qd4 22. Nd6+ Kf8 23. Rxf7+ Kg8 24. Rf2 h5 25. h3 h4 26. Bh2 a5 27. Rd1 Qc5 28. Ne4 Qb6 29. Qg4 Ba6 30. Qxg6 Rh6 31. Qg5 Rf8 32. Rxf8+ Kxf8 33. Rd8+ Qxd8 34. Qxd8+ Kf7 35. Qd7+ Kg8 36. Qxc6 Bd3 37. Qe8+ Kh7 38. Ng5# 1-0

[Event "WLS-ch 61st"]
[Site "Cardiff"]
[Date "2015.04.03"]
[Round "1"]
[White "Fathallah, Joe"]
[Black "Camp, Syringa Lyn"]
[Result "1-0"]
[WhiteElo "1973"]
[BlackElo "1744"]
[PlyCount "81"]
[EventDate "2015.04.03"]
[EventType "swiss"]
[EventRounds "7"]
[EventCountry "WLS"]
[SourceTitle "CBM 165 Extra"]
[Source "ChessBase"]
[SourceDate "2015.04.21"]
[SourceVersion "1"]
[SourceVersionDate "2015.04.21"]
[SourceQuality "1"]

1. d4 Nf6 2. c4 g6 3. Nc3 Bg7 4. e4 d6 5. f3 0-0 6. Be3 e5 7. d5 Nh5 8. Qd2 f5 9. 0-0-0 f4 10. Bf2 a6 11. c5 Bd7 12. Kb1 Qe8 13. Nge2 Bb5 14. Nc1 Bxf1 15. Rhxf1 Nd7 16. cxd6 cxd6 17. Nb3 Bf6 18. Rc1 Bd8 19. Rc2 b5 20. Rfc1 Nb6 21. Na5 Nc4 22. Nxc4 bxc4 23. Nd1 a5 24. Rxc4 a4 25. Rc6 Qd7 26. Qc2 Ng7 27. Nc3 a3 28. b3 Ne8 29. Nb5 Be7 30. Be1 Qb7 31. Nc7 Qa7 32. Nxa8 Qxa8 33. Bb4 Qa7 34. Qd2 Kf7 35. h3 Bd8 36. R1c2 Bb6 37. Qc1 Be3 38. Rc7+ Nxc7 39. Rxc7+ Kf6 40. Rxa7 Bxc1 41. Kxc1 1-0

[Event "WLS-ch 60th"]
[Site "Cardiff"]
[Date "2014.04.20"]
[Round "5"]
[White "Staniforth, Matthew"]
[Black "Camp, Syringa Lyn"]
[Result "1-0"]
[WhiteElo "1891"]
[BlackElo "1777"]
[PlyCount "55"]
[EventDate "2014.04.18"]
[EventType "swiss"]
[EventRounds "7"]
[EventCountry "WLS"]
[SourceTitle "CBM 160 Extra"]
[Source "ChessBase"]
[SourceDate "2014.07.01"]
[SourceVersion "1"]
[SourceVersionDate "2014.07.01"]
[SourceQuality "1"]

1. e4 c5 2. Nf3 d6 3. d4 cxd4 4. Nxd4 Nf6 5. Nc3 a6 6. f4 Qc7 7. Bd3 Nc6 8. Be3 Ng4 9. Nd5 Qd8 10. Nxc6 bxc6 11. Bb6 Qd7 12. Nc7+ Kd8 13. Nxa8+ Ke8 14. Nc7+ Kd8 15. Ne6+ Ke8 16. Qxg4 fxe6 17. e5 Qb7 18. Bd4 c5 19. Bc3 d5 20. f5 c4 21. Qh5+ g6 22. fxg6 Kd7 23. Be2 Qb6 24. Rd1 Kc7 25. Rf1 Bg7 26. gxh7 Bd7 27. Qg4 Rxh7 28. Qg6 1-0

[Event "WLS-ch 60th"]
[Site "Cardiff"]
[Date "2014.04.18"]
[Round "1"]
[White "Camp, Syringa Lyn"]
[Black "Young, Alan J"]
[Result "0-1"]
[WhiteElo "1777"]
[BlackElo "2043"]
[PlyCount "49"]
[EventDate "2014.04.18"]
[EventType "swiss"]
[EventRounds "7"]
[EventCountry "WLS"]
[SourceTitle "CBM 160 Extra"]
[Source "ChessBase"]
[SourceDate "2014.07.01"]
[SourceVersion "1"]
[SourceVersionDate "2014.07.01"]
[SourceQuality "1"]

1. e4 e5 2. f4 exf4 3. Nf3 g5 4. h4 g4 5. Ne5 d6 6. Nxg4 Nf6 7. Nxf6+ Qxf6 8. Nc3 Nc6 9. Nd5 Qg6 10. Qf3 Nd4 11. Qxf4 Bh6 12. Nf6+ Kf8 13. h5 Qg7 14. Qf2 Nxc2+ 15. Kd1 Nxa1 16. e5 Bg5 17. Bd3 Bxf6 18. exf6 Bg4+ 19. Ke1 Re8+ 20. Kf1 Qg5 21. b3 Qe5 22. Qh4 Be2+ 23. Bxe2 Qxe2+ 24. Kg1 Qe1+ 25. Kh2 0-1

[Event "Chester e2e4 op-B"]
[Site "Chester"]
[Date "2013.01.19"]
[Round "3"]
[White "Camp, Imogen AL"]
[Black "Camp, Syringa Lyn"]
[Result "1/2-1/2"]
[WhiteElo "1462"]
[BlackElo "1718"]
[PlyCount "29"]
[EventDate "2013.01.18"]
[EventType "swiss"]
[EventRounds "7"]
[EventCountry "ENG"]
[SourceTitle "EXT 2015"]
[Source "ChessBase"]
[SourceDate "2014.11.20"]
[SourceVersion "1"]
[SourceVersionDate "2014.11.20"]
[SourceQuality "1"]

1. d4 Nf6 2. Nf3 g6 3. Bf4 Bg7 4. e3 0-0 5. Bd3 d6 6. Bg3 Nbd7 7. c3 c6 8. Qc2 Re8 9. Nbd2 e5 10. dxe5 dxe5 11. Bc4 Qe7 12. 0-0 Nh5 13. Bh4 Bf6 14. Bxf6 Qxf6 15. Rad1 1/2-1/2